Essentials of engineering fluid mechanics (Record no. 15937)

000 -LEADER
fixed length control field 00557nam a22002057a 4500
001 - CONTROL NUMBER
control field 15937
003 - CONTROL NUMBER IDENTIFIER
control field BD-DhUET
008 - FIXED-LENGTH DATA ELEMENTS--GENERAL INFORMATION
fixed length control field 150207b1961 xxu||||| |||| 00| 0 eng d
020 ## - INTERNATIONAL STANDARD BOOK NUMBER
International Standard Book Number 0700225323
040 ## - CATALOGING SOURCE
Original cataloging agency DLC
Transcribing agency DLC
Modifying agency BD-DhUET
082 ## - DEWEY DECIMAL CLASSIFICATION NUMBER
Classification number 620.1113
Item number OLS/1961
100 ## - MAIN ENTRY--PERSONAL NAME
Personal name Olson, Reuben M.
245 ## - TITLE STATEMENT
Title Essentials of engineering fluid mechanics
250 ## - EDITION STATEMENT
Edition statement 1st ed.
260 ## - PUBLICATION, DISTRIBUTION, ETC. (IMPRINT)
Place of publication, distribution, etc. Scranton
Name of publisher, distributor, etc. International Textbook
Date of publication, distribution, etc. 1961
300 ## - PHYSICAL DESCRIPTION
Extent xi, 404 p.
Other physical details ill.
504 ## - BIBLIOGRAPHY, ETC. NOTE
Bibliography, etc Includes bibliographies
650 #0 - SUBJECT ADDED ENTRY--TOPICAL TERM
Topical term or geographic name as entry element Fluids mechanics : Engineering
942 ## - ADDED ENTRY ELEMENTS (KOHA)
Koha item type General Book
Holdings
Lost status Withdrawn status Sublocation or collection (holding branch) Shelving location Piece designation (barcode) Damaged status Koha normalized classification for sorting Not for loan Source of classification or shelving scheme Copy number Koha date last seen Location (home branch) Price effective from Koha full call number Koha item type Date acquired
  Central Library, BUETCirculation section9472 620_111300000000000_OLS_1961  12015-03-16Central Library, BUET2015-03-16620.1113/OLS/1961General Book2015-03-16
  Central Library, BUETCirculation section8960 620_111300000000000_OLS_1961  22015-03-18Central Library, BUET2015-03-18620.1113/OLS/1961General Book2015-03-18
  Central Library, BUETCirculation section8959 620_111300000000000_OLS_1961  32015-04-22Central Library, BUET2015-04-22620.1113/OLS/1961General Book2015-04-22
  Central Library, BUETCirculation section12363 620_111300000000000_OLS_1961  42015-04-22Central Library, BUET2015-04-22620.1113/OLS/1961General Book2015-04-22
  Central Library, BUETCirculation section35182 620_111300000000000_OLS_1961  52015-04-22Central Library, BUET2015-04-22620.1113/OLS/1961General Book2015-04-22
  Central Library, BUETCirculation section12362 620_111300000000000_OLS_1961  62015-04-22Central Library, BUET2015-04-22620.1113/OLS/1961General Book2015-04-22
  Central Library, BUETCirculation section9837 620_111300000000000_OLS_1961  72015-04-22Central Library, BUET2015-04-22620.1113/OLS/1961General Book2015-04-22